Inequidad socio-cultural : (Record no. 143655)

MARC details
000 -CABECERA
campo de control de longitud fija 00751nam a2200217 u 4500
005 - FECHA Y HORA DE LA ÚLTIMA TRANSACCIÓN
campo de control 20210223131031.0
008 - ELEMENTOS DE LONGITUD FIJA--INFORMACIÓN GENERAL
campo de control de longitud fija 090630s2006 ba r 000 0 spa d
020 ## - NÚMERO INTERNACIONAL NORMALIZADO PARA LIBROS
Número Internacional Estándar del Libro 9875910163
035 ## - NÚMERO DE CONTROL DEL SISTEMA
Número de control de sistema UPN01000171550
049 ## - COLECCIÓN
Colección CG
050 #4 - SIGNATURA TOPOGRÁFICA DE LA BIBLIOTECA DEL CONGRESO
Número de clasificación HQ799 A7
Número de documento/Ítem I5.3
245 00 - MENCIÓN DE TÍTULO
Título Inequidad socio-cultural :
Resto del título riesgo y resiliencia /
Mención de responsabilidad, etc. Margarita Barrón ... [et al.].
260 ## - PUBLICACIÓN, DISTRIBUCIÓN, ETC.
Lugar de publicación, distribución, etc. Córdoba, Arg. :
Nombre del editor, distribuidor, etc. Brujas,
Fecha de publicación, distribución, etc. [2006].
300 ## - DESCRIPCIÓN FÍSICA
Extensión 217 p. :
Otras características físicas cuadros, gráfs.
440 #0 - MENCIÓN DE SERIE/ASIENTO SECUNDARIO--TÍTULO
Título Adolescencia, educación y salud ;
Designación de volumen o secuencia 1
650 #4 - ASIENTO SECUNDARIO DE MATERIA - TERMINO TEMATICO
Término de materia o nombre geográfico como elemento de entrada ADOLESCENTES -
Subdivisión geográfica ARGENTINA -
Subdivisión general CONDICIONES SOCIALES
9 (RLIN) 12036
650 #4 - ASIENTO SECUNDARIO DE MATERIA - TERMINO TEMATICO
Término de materia o nombre geográfico como elemento de entrada JUVENTUD -
Subdivisión geográfica ARGENTINA -
Subdivisión general ACTITUDES
9 (RLIN) 9510
650 #4 - ASIENTO SECUNDARIO DE MATERIA - TERMINO TEMATICO
Término de materia o nombre geográfico como elemento de entrada ADOLESCENTES -
Subdivisión general RELACIONES FAMILIARES
9 (RLIN) 1017
700 1# - ASIENTO SECUNDARIO--NOMBRE DE PERSONAL
Nombre de persona Barrón, Margarita,
Término indicativo de función/relación coaut.
905 ## - TIPO DE MATERIAL
Tipo de material Libro
Holdings
Estado de retiro Estado de pérdida Fuente del sistema de clasificación o colocación Estado dañado No para préstamo Código de colección Localización permanente Ubicación/localización actual Ubicación en estantería Total de préstamos Clasificación Código de barras Fecha visto por última vez Número de copia Tipo de ítem Koha
    Library of Congress Classification     Colección General Bib. Gregorio Torres Quintero Bib. Gregorio Torres Quintero Planta baja 5 HQ799 A7 I5.3 265883 31/12/2020 1 Libro
    Library of Congress Classification     Colección General Bib. Gregorio Torres Quintero Bib. Gregorio Torres Quintero Planta baja 2 HQ799 A7 I5.3 265880 31/12/2020 1 Libro
    Library of Congress Classification     Colección General Bib. Gregorio Torres Quintero Bib. Gregorio Torres Quintero Planta baja 6 HQ799 A7 I5.3 265882 31/12/2020 1 Libro
    Library of Congress Classification     Colección General Bib. Gregorio Torres Quintero Bib. Gregorio Torres Quintero Planta baja 3 HQ799 A7 I5.3 265881 31/12/2020 1 Libro